Library resources & technical services.
Saved in:
| New Title: | New directions in technical services |
|---|---|
| Previous Title: | Journal of cataloging and classification Serial slants |
| Corporate Author: | |
| Format: | Journal |
| Language: | English |
| Published: |
[Chicago, etc. :
American Library Association].
|
| Subjects: |
| LEADER | 05646cas a2201009 a 4500 | ||
|---|---|---|---|
| 001 | c000280708 | ||
| 003 | CARM | ||
| 005 | 20181009142344.0 | ||
| 008 | 770311c19579999iluqr p 0 a0eng | ||
| 010 | |a 59003198 | ||
| 019 | 1 | |a 892728 |5 LACONCORD2021 | |
| 022 | 0 | |a 0024-2527 | |
| 030 | |a LRTSAH | ||
| 032 | |a 311960 |b USPS | ||
| 035 | |a (OCoLC)1696755 |5 LACONCORD2021 | ||
| 040 | |a LC |b eng |c LC |d LC |d ANL | ||
| 042 | |a lc |a nsdp | ||
| 050 | 0 | 0 | |a Z671 |b .L7154 |
| 060 | 0 | 0 | |a Z 695.7 L697 |
| 070 | 0 | |a 243.8 |b L6192 | |
| 082 | 0 | 4 | |a 025.06273 |
| 210 | 0 | |a Libr. resour. tech. serv | |
| 222 | 0 | |a Library resources & technical services | |
| 245 | 0 | 0 | |a Library resources & technical services. |
| 246 | 2 | |a Library resources and technical services | |
| 246 | 3 | 0 | |a Library resources and technical services |
| 246 | 3 | |a LRTS | |
| 260 | |a [Chicago, etc. : |b American Library Association]. | ||
| 300 | |a v. ; |c 24 cm. | ||
| 310 | |a Quarterly | ||
| 362 | 0 | |a Vol. 1, no. 1 (winter 1957)- | |
| 510 | 1 | |a Library literature, |x 0024-2373 | |
| 510 | 2 | |a Art and archaeology technical abstracts, |x 0004-2994 | |
| 510 | 2 | |a Book review index, |x 0524-0581 | |
| 510 | 2 | |a Computer & control abstracts, |x 0036-8113, |b Winter 1972- | |
| 510 | 2 | |a Current index to journals in education, |x 0011-3565 | |
| 510 | 2 | |a Electrical & electronics abstracts, |x 0036-8105, |b Winter 1972- | |
| 510 | 2 | |a Hospital literature index, |x 0018-5736 | |
| 510 | 2 | |a Library & information science abstracts, |x 0024-2179 | |
| 510 | 2 | |a Physics abstracts. Science abstracts. Series A, |x 0036-8091, |b Winter 1972- | |
| 510 | 2 | |a Public Affairs Information Service bulletin, |x 0033-3409 | |
| 510 | 0 | |a Science citation index, |x 0036-827X | |
| 525 | |a Has occasional supplements. | ||
| 530 | |a Also available online. | ||
| 550 | |a Official publication of the American Library Association, Resources and Technical Services Division. | ||
| 555 | |a Vol. 1 (1957)-25 (1981) in v. 25, no. 4; v. 26 (1982)-50 (2006). 1 v | ||
| 580 | |a Formed by the union of: Serial slants, ISSN 0559-5258, and: Journal of cataloging and classification. | ||
| 650 | 0 | |a Library science |v Periodicals. | |
| 710 | 2 | |a American Library Association. |b Resources and Technical Services Division. | |
| 776 | 1 | |t Library resources & technical services (Online) |w (DLC)sn2006001006 |w (OCoLC)60615598 | |
| 780 | 1 | 4 | |t Journal of cataloging and classification |w (OCoLC)8941951 |
| 780 | 1 | 4 | |t Serial slants |x 0559-5258 |w (OCoLC)1641432 |
| 785 | 0 | 1 | |t New directions in technical services |x 1091-9066 |w (DLC) 97657814 |w (OCoLC)36037506 |
| 852 | 8 | |b CARM |h A1:AQ01G0 |i B10472 |p 0498102 |j 15(1971)-21(1977) |f SE | |
| 852 | 8 | |b CARM |i B12546 |p 0310794 |j 1(1957)-8(1964),11(1967)-13(1969) |f SE | |
| 852 | 8 | |b CARM |h A1:AQ01G0 |i B10471 |p 0498104 |j 9(1965)-10(1966) |f SE | |
| 852 | 8 | |b CARM |h A1:AQ01G0 |i B10471 |p 0498105 |j 14(1970) |f SE | |
| 852 | 8 | |b CARM |h A1:AQ08B0 |i B10494 |p 0463902 |j 24:1(1980:Win.)-26:4(1982:10/12),28:1(1984:01/03)-38:4(1994) |f SE | |
| 852 | 8 | |b CARM |h A1:AL15B0 |i B10505 |p 0397824 |j 22:1(1978:Win.)-23:4(1979:Fall),27:1(1983:01/03)-27:4(1983:10/12) |f SE | |
| 852 | 8 | |b CARM |h A3:AR13A0 |i B10902 |p 0516849 |j 39:1(1995:01)-43:4(1999:10) |f SE | |
| 852 | 8 | |b CARM |h A3:AD25E0 |i F05752 |p 0516826 |j 44:1(2000:01)-45:4(2001:10) |f SE | |
| 852 | 8 | |b CARM |i F10025 |p 0310573 |j 46:1-4(2002:1-10) |f SE | |
| 852 | 8 | |b CARM |i F10025 |p 0310572 |j 49:1(2005:01) |f SE | |
| 852 | 8 | |b CARM |i F10025 |p 0310571 |j 51:1(2007:01) |f SE | |
| 852 | 8 | |b SCAN |h A3:AH13B0 |i B12546 |p 0310794 |f SE | |
| 852 | 8 | |b SCAN |h A3:AO27E0 |i F10025 |p 0310571 |f SE | |
| 852 | 8 | |b SCAN |h A3:AO27E0 |i F10025 |p 0310572 |f SE | |
| 852 | 8 | |b SCAN |h A3:AO27E0 |i F10025 |p 0310573 |f SE | |
| 852 | 8 | |b SCAN |h A3:AH13B0 |i B12546 |p 0310794 |f SE | |
| 852 | 8 | |b SCAN |h A3:AO27E0 |i F10025 |p 0310571 |f SE | |
| 852 | 8 | |b SCAN |h A3:AO27E0 |i F10025 |p 0310572 |f SE | |
| 852 | 8 | |b SCAN |h A3:AO27E0 |i F10025 |p 0310573 |f SE | |
| 866 | 0 | |a 1(1957)-51:1(2007) Inc. | |
| 999 | f | f | |i 069c51ea-880a-5f33-8992-165ab5080a25 |s df7fa30c-2c1c-5397-9321-bebb1ef4409e |
| 952 | f | f | |p Can circulate |a CAVAL |b CAVAL |c CAVAL |d CARM 1 Store |e B12546 |h Other scheme |i book |k 1(1957)-8(1964),11(1967)-13(1969) |m 0310794 |
| 952 | f | f | |p Can circulate |a CAVAL |b CAVAL |c CAVAL |d CARM 1 Store |e B10472 |f A1:AQ01G0 |h Other scheme |i book |k 15(1971)-21(1977) |m 0498102 |
| 952 | f | f | |p Can circulate |a CAVAL |b CAVAL |c CAVAL |d CARM 1 Store |e B10471 |f A1:AQ01G0 |h Other scheme |i book |k 9(1965)-10(1966) |m 0498104 |
| 952 | f | f | |p Can circulate |a CAVAL |b CAVAL |c CAVAL |d CARM 1 Store |e F10025 |h Other scheme |i book |k 46:1-4(2002:1-10) |m 0310573 |
| 952 | f | f | |p Can circulate |a CAVAL |b CAVAL |c CAVAL |d CARM 1 Store |e F05752 |f A3:AD25E0 |h Other scheme |i book |k 44:1(2000:01)-45:4(2001:10) |m 0516826 |
| 952 | f | f | |p Can circulate |a CAVAL |b CAVAL |c CAVAL |d CARM 1 Store |e B10505 |f A1:AL15B0 |h Other scheme |i book |k 22:1(1978:Win.)-23:4(1979:Fall),27:1(1983:01/03)-27:4(1983:10/12) |m 0397824 |
| 952 | f | f | |p Can circulate |a CAVAL |b CAVAL |c CAVAL |d CARM 1 Store |e B10471 |f A1:AQ01G0 |h Other scheme |i book |k 14(1970) |m 0498105 |
| 952 | f | f | |p Can circulate |a CAVAL |b CAVAL |c CAVAL |d CARM 1 Store |e B10494 |f A1:AQ08B0 |h Other scheme |i book |k 24:1(1980:Win.)-26:4(1982:10/12),28:1(1984:01/03)-38:4(1994) |m 0463902 |
| 952 | f | f | |p Can circulate |a CAVAL |b CAVAL |c CAVAL |d CARM 1 Store |e B10902 |f A3:AR13A0 |h Other scheme |i book |k 39:1(1995:01)-43:4(1999:10) |m 0516849 |
| 952 | f | f | |p Can circulate |a CAVAL |b CAVAL |c CAVAL |d CARM 1 Store |e F10025 |h Other scheme |i book |k 51:1(2007:01) |m 0310571 |
| 952 | f | f | |p Can circulate |a CAVAL |b CAVAL |c CAVAL |d CARM 1 Store |e F10025 |h Other scheme |i book |k 49:1(2005:01) |m 0310572 |
| 952 | f | f | |a CAVAL |b CAVAL |c CAVAL |d Unmapped Location |e B12546 |f A3:AH13B0 |h Other scheme |
| 952 | f | f | |a CAVAL |b CAVAL |c CAVAL |d Unmapped Location |e F10025 |f A3:AO27E0 |h Other scheme |